United States Nuclear Weapons Tests - Statistics

General Stats
  • This quiz has been taken 6 times
  • The average score is 7 of 55
Answer Stats
Year/s Name/Series % Correct
1945 Trinity
100%
1954 Castle
67%
1985-86 Charioteer
33%
1946 Crossroads
33%
1962-63 Dominic
33%
1984-85 Grenadier
33%
1980-81 Guardian
33%
1958 Hardtack I
33%
1958 Hardtack II
33%
1986-87 Musketeer
33%
1957 Plumbbob
33%
1955-56 Project 56
33%
1957 Project 57
33%
1957 Project 58/58A
33%
1956 Redwing
33%
1955 Teapot
33%
1953 Upshot-Knothole
33%
1975-76 Anvil
0%
1989-90 Aqueduct
0%
1973-74 Arbor
0%
1958 Argus
0%
1974-75 Bedrock
0%
1968-69 Bowline
0%
1951 Buster-Jangle
0%
1988-89 Cornerstone
0%
1977-78 Cresset
0%
1967-68 Crosstie
0%
1970-71 Emery
0%
1962 Fishbowl
0%
1965-66 Flintlock
0%
1976-77 Fulcrum
0%
1983-84 Fusileer
0%
1951 Greenhouse
0%
1971-72 Grommet
0%
1952 Ivy
0%
1991-92 Julin
0%
1966-67 Latchkey
0%
1969-70 Mandrel
0%
1963-64 Niblick
0%
1961-62 Nougat
0%
1982-83 Phalanx
0%
1981-82 Praetorian
0%
1978-79 Quicksilver
0%
1951 Ranger
0%
1963 Roller Coaster
0%
1948 Sandstone
0%
1990-91 Sculpin
0%
1962-63 Storax
0%
1962 Sunbeam
0%
1979-80 Tinderbox
0%
1972-73 Toggle
0%
1987-88 Touchstone
0%
1952 Tumbler-Snapper
0%
1964-65 Whetstone
0%
1955 Wigwam
0%
No matching quizzes found
Score Distribution
Percent of People with Each Score
Percentile by Number Answered
Your Score History
You have not taken this quiz